|
|
|
|
| LEADER |
01362nam a22003137a 4500 |
| 001 |
34480 |
| 003 |
BD-DhAAL |
| 005 |
20190331123536.0 |
| 008 |
190331t3448 enka|||| b||| 001 0 eng d |
| 999 |
|
|
|c 40615
|d 40615
|
| 020 |
|
|
|a 9781138946309 (hbk)
|
| 020 |
|
|
|a 9781315670898 (ebk)
|
| 040 |
|
|
|a BD-DhAAL
|
| 082 |
|
|
|a 418.02
|2 23
|
| 245 |
|
|
|a The routledge handbook of translation and culture /
|c edited by Sue-Ann Harding and Ovidi Carbonell Cortés.
|
| 260 |
|
|
|a Abigndon, Oxon ;
|a New York, NY :
|b Routledge, Taylor & Francis Group,
|c c2018
|
| 300 |
|
|
|a xii, 643 pages :
|b illustrations ;
|c 25 cm.
|
| 490 |
|
|
|a Routledge handbooks in translation and interpreting studies
|
| 504 |
|
|
|a Includes bibliographical references and index.
|
| 526 |
|
|
|a ENH
|
| 541 |
|
|
|a Parama Publishers
|e 34480
|
| 650 |
|
|
|a Translating and interpreting
|v Handbooks, manuals, etc.
|9 30850
|
| 650 |
|
|
|a Translating services
|v Handbooks, manuals, etc.
|9 30851
|
| 650 |
|
|
|a Language and culture
|v Handbooks, manuals, etc.
|9 30852
|
| 700 |
|
|
|a Carbonell i Cortés, Ovidi,
|d 1966-
|9 30853
|
| 700 |
|
|
|a Harding, Sue-Ann
|9 30854
|
| 852 |
|
|
|a Ayesha Abed Library
|c General Stacks
|
| 942 |
|
|
|2 ddc
|c BK
|
| 952 |
|
|
|0 0
|1 0
|2 ddc
|4 0
|6 418_020000000000000_ROU
|7 0
|9 65238
|a BRACUL
|b BRACUL
|c GEN
|d 2019-02-26
|e Parama Publishers
|g 12425.00
|l 0
|o 418.02 ROU
|p 3010034480
|r 2019-02-26
|t 1
|v 12425.00
|w 2019-02-26
|y BK
|